00331pab a2200121 454500008004000000100002600040245005800066260000900124300001300133362001100146650001800157773003400175180718b2012 xxu||||| |||| 00| 0 eng d aBanerjee-Guha, Swapna aNonadanga eviction: Questioning the right to the city c2012 ap.13-15. a28 Apr aUrban renewal aEconomic and Political Weekly